00823nam a2200205 a 450000100100000000500170001000800410002702000150006804000250008308200150010810000270012324501520015026001120030230000210041449000350043550400390047050400410050970000320055083000350058200004187020201002035812.0131018s2000 sp 000 0 spa d a8400078683 aDO-SdBNPbspacBNPHU axxxxbxxxx1 aPeralta Ruiz, Víctor10aPor la Concordia, la Fusión y el Unitarismo. :bestado y caudillismo en Bolivia, 1825-1880. /cVíctor Peralta Ruiz, Marta Irurozqui Victoriano. aMadrid, :bConsejo Superior de Investigaciones CientíficasbDepartamento de Historia de América,c2000. a277 p. ;c24 cm.1 aTierra nueva e cielo nuevov41 aBibliografía primaria p: 255-260 aBibliografía secundaria p: 261-2771 aIrurozqui Victoriano, Marta 0aTierra nueva e cielo nuevov41